Akciová spoločnosť. 3
Práva a povinnosti akcionárov. Podiel na zisku. Podiel na likvidačnom zostatku. Účasť na riadení. Práva minoritných akcionárov.
Salvato in:
| Autore principale: | |
|---|---|
| Natura: | Capitolo di libro |
| Lingua: | slovacco |
| Soggetti: | |
| Tags: |
Nessun Tag, puoi essere il primo ad aggiungerne!!
|
MARC
| LEADER | 00000naa a2200000 4500 | ||
|---|---|---|---|
| 001 | r027900 | ||
| 005 | 20230919113125.8 | ||
| 041 | 0 | |a slo | |
| 044 | |a SK | ||
| 245 | 1 | 0 | |a Akciová spoločnosť. 3 |c L. Žitňanská |
| 520 | |a Práva a povinnosti akcionárov. Podiel na zisku. Podiel na likvidačnom zostatku. Účasť na riadení. Práva minoritných akcionárov. | ||
| 610 | 2 | 0 | |a spoločnosti akciové |
| 610 | 2 | 0 | |a akcionári |
| 610 | 2 | 0 | |a podiely na zisku |
| 610 | 2 | 0 | |a účasť na zisku |
| 610 | 2 | 0 | |a účasť na riadení |
| 610 | 2 | 0 | |a zákonník obchodný |
| 100 | 1 | |a Žitňanská, L. | |